000 00327 a2200157 4500
001 59842
020 _a9788501082664
040 _cAnchieta - Pituba
100 _aDent, Grace
240 1 0 _aGrana ou drama
_lpor
245 1 0 _aGrana ou drama
300 _a239
362 0 _a2011
650 4 _aLiteratura juvenil
942 _cBK
999 _c59842
_d59842